[Event "Bayern-chI Bank Hofmann 25th"]
[Site "Tegernsee"]
[Date "2022.11.09"]
[Round "5"]
[White "Heinemann, Josefine"]
[Black "Marzano, Carlo"]
[Result "1-0"]
[WhiteElo "2316"]
[BlackElo "2126"]
[PlyCount "53"]
[EventDate "2022.11.05"]
[EventType "swiss"]
[EventRounds "9"]
[EventCountry "GER"]
[SourceTitle "CBM 211 Extra"]
[Source "ChessBase"]
[SourceDate "2023.01.31"]
[SourceVersion "1"]
[SourceVersionDate "2023.01.31"]
[SourceQuality "1"]

1. e4 e5 2. Nf3 Nc6 3. Bb5 a6 4. Ba4 Nf6 5. 0-0 b5 6. Bb3 Bb7 7. Re1 Bc5 8. c3 d6 9. d4 Bb6 10. a4 0-0 11. Bg5 h6 12. Bh4 exd4 13. cxd4 g5 14. Nxg5 hxg5 15. Bxg5 Bxd4 16. Bd5 Bxb2 17. Ra2 Be5 18. Ra3 Rb8 19. Rh3 Kg7 20. Qc1 Kg6 21. f4 Bd4+ 22. Kf1 Rh8 23. f5+ Kg7 24. Bh6+ Kh7 25. Qg5 Nh5 26. Qxh5 Qf6 27. Bxf7 1-0

[Event "Arco op 44th"]
[Site "Arco"]
[Date "2022.10.08"]
[Round "1"]
[White "Wacker, Manfred"]
[Black "Marzano, Carlo"]
[Result "0-1"]
[WhiteElo "1727"]
[BlackElo "2135"]
[PlyCount "120"]
[EventDate "2022.10.08"]
[EventType "swiss"]
[EventRounds "9"]
[EventCountry "ITA"]
[SourceTitle "CBM 210 Extra"]
[Source "ChessBase"]
[SourceDate "2022.11.30"]
[SourceVersion "1"]
[SourceVersionDate "2022.11.30"]
[SourceQuality "1"]

1. d4 d5 2. c4 dxc4 3. Nc3 a6 4. a4 Nc6 5. e3 e5 6. Nf3 Bg4 7. Bxc4 exd4 8. exd4 Qd7 9. Be3 Nf6 10. d5 Bxf3 11. Qxf3 Ne5 12. Qe2 Nxc4 13. Qxc4 Bd6 14. h3 0-0 15. 0-0 Be5 16. Rad1 Rad8 17. Bd4 Rfe8 18. Rfe1 Bxd4 19. Rxe8+ Nxe8 20. Rxd4 Nd6 21. Qb3 Re8 22. Qd1 Qe7 23. Kf1 Qe5 24. g3 g6 25. Rd2 Qf6 26. Re2 Rxe2 27. Qxe2 h5 28. Qc2 Qd4 29. Qe2 Kf8 30. Qe3 Qxe3 31. fxe3 Nc4 32. Ke2 Nxb2 33. e4 Ke7 34. Ke3 Kd6 35. Kd4 f6 36. a5 c5+ 37. dxc6 bxc6 38. Ne2 g5 39. h4 gxh4 40. gxh4 c5+ 41. Kc3 Nd1+ 42. Kd2 Nf2 43. Ke3 Ng4+ 44. Kd3 Ne5+ 45. Ke3 Ng6 46. Ng3 Nxh4 47. Nxh5 Ke5 48. Nf4 c4 49. Ne2 Ng2+ 50. Kf3 Ne1+ 51. Ke3 Nc2+ 52. Kd2 Nd4 53. Ng3 Nb5 54. Ke3 Nd6 55. Kf3 Kd4 56. Ne2+ Kd3 57. Nf4+ Kd2 58. Nd5 c3 59. Ne3 c2 60. Nf1+ Kd3 0-1

[Event "Vlissingen HZ op 24th"]
[Site "Vlissingen"]
[Date "2022.08.10"]
[Round "6"]
[White "Van Delft, Merijn"]
[Black "Marzano, Carlo"]
[Result "1-0"]
[WhiteElo "2380"]
[BlackElo "2104"]
[PlyCount "83"]
[EventDate "2022.08.06"]
[EventType "swiss"]
[EventRounds "9"]
[EventCountry "NED"]
[SourceTitle "CBM 209 Extra"]
[Source "ChessBase"]
[SourceDate "2022.09.30"]
[SourceVersion "1"]
[SourceVersionDate "2022.09.30"]
[SourceQuality "1"]

1. e4 e5 2. Nf3 Nc6 3. Bb5 a6 4. Ba4 Nf6 5. 0-0 b5 6. Bb3 Bb7 7. d3 Be7 8. a4 0-0 9. Re1 d6 10. Nbd2 Re8 11. Nf1 h6 12. Ng3 Bf8 13. Bd2 Rb8 14. axb5 axb5 15. c3 Ne7 16. Nh4 Qd7 17. h3 d5 18. Qf3 c5 19. Bxh6 c4 20. dxc4 dxe4 21. Qe2 gxh6 22. cxb5 Ned5 23. Nxe4 Nxe4 24. Qxe4 Nf4 25. Qf5 Qxf5 26. Nxf5 Bxg2 27. Ra7 Rb7 28. Rxb7 Bxb7 29. Kh2 Bd5 30. Bxd5 Nxd5 31. c4 Nf4 32. Rd1 Kh7 33. Rd7 Kg6 34. Nd6 Bxd6 35. Rxd6+ Kg5 36. b6 Ne6 37. b4 f5 38. Rxe6 Rxe6 39. c5 e4 40. b7 f4 41. b8Q e3 42. fxe3 1-0

[Event "Bergen Grand Prix op"]
[Site "Bergen"]
[Date "2021.11.26"]
[Round "1"]
[White "Eriksen, Olai Dyrhaug"]
[Black "Marzano, Carlo"]
[Result "1-0"]
[WhiteElo "1786"]
[BlackElo "2060"]
[PlyCount "167"]
[EventDate "2021.11.26"]
[EventType "swiss"]
[EventRounds "5"]
[EventCountry "NOR"]
[SourceTitle "CBM 205 Extra"]
[Source "ChessBase"]
[SourceDate "2022.01.31"]
[SourceVersion "1"]
[SourceVersionDate "2022.01.31"]
[SourceQuality "1"]

1. d4 d5 2. c4 dxc4 3. e4 Nc6 4. Nf3 Bg4 5. d5 Ne5 6. Bf4 Ng6 7. Be3 Nf6 8. Nc3 e5 9. h3 Bd7 10. Bxc4 a6 11. 0-0 Bd6 12. a4 0-0 13. Rc1 Qe7 14. Bd3 Nh5 15. Ne2 Kh8 16. Nd2 Rg8 17. Nc4 Bb4 18. Bc2 Ngf4 19. Nxf4 Nxf4 20. Bxf4 exf4 21. e5 Qg5 22. Qd3 Qh5 23. e6 fxe6 24. Ne5 Be8 25. dxe6 Rf8 26. Bb1 Bd6 27. Rfe1 Rf6 28. Qe4 Bxe5 29. Qxe5 Qxe5 30. Rxe5 Bc6 31. e7 Re8 32. Be4 Bxe4 33. Rxe4 c6 34. Rd1 Kg8 35. a5 Kf7 36. Rd7 g5 37. Rxb7 Rf5 38. b4 Rb5 39. Ra7 c5 40. bxc5 Rxa5 41. c6 Ra1+ 42. Kh2 a5 43. c7 Rc1 44. Rxa5 h6 45. h4 Rxe7 46. Rxe7+ Kxe7 47. hxg5 hxg5 48. Rxg5 Kf6 49. Rg4 Kf5 50. Rg7 Kf6 51. Rh7 Kg6 52. Rd7 Kf5 53. Rf7+ Kg5 54. g3 fxg3+ 55. Kxg3 Kg6 56. Rd7 Kf5 57. f3 Kg5 58. Kf2 Kf4 59. Rf7+ Ke5 60. Re7+ Kd6 61. Re1 Rxc7 62. Re4 Kd5 63. Re8 Rg7 64. Ke3 Rf7 65. f4 Rf6 66. Kf3 Kd6 67. Kg4 Kd7 68. Re4 Rf8 69. Kg5 Rg8+ 70. Kf6 Rf8+ 71. Kg6 Rg8+ 72. Kf6 Rf8+ 73. Kg7 Rf5 74. Kg6 Ra5 75. f5 Ra1 76. f6 Rg1+ 77. Kf7 Rg2 78. Rd4+ Kc8 79. Kf8 Rg1 80. f7 Rg2 81. Ke7 Re2+ 82. Kf6 Rf2+ 83. Ke6 Kc7 84. Rd5 1-0

[Event "Arco op 43rd"]
[Site "Arco"]
[Date "2021.10.14"]
[Round "6"]
[White "Marzano, Carlo"]
[Black "Voll, Oddvar U"]
[Result "1-0"]
[WhiteElo "2076"]
[BlackElo "1932"]
[PlyCount "95"]
[EventDate "2021.10.09"]
[EventType "swiss"]
[EventRounds "9"]
[EventCountry "ITA"]
[SourceTitle "CBM 204 Extra"]
[Source "ChessBase"]
[SourceDate "2021.11.30"]
[SourceVersion "1"]
[SourceVersionDate "2021.11.30"]
[SourceQuality "1"]

1. d4 d5 2. c4 c6 3. Nf3 Nf6 4. Nc3 g6 5. Bf4 Bg7 6. e3 0-0 7. h3 e6 8. Bd3 Nbd7 9. cxd5 Nxd5 10. Nxd5 exd5 11. 0-0 Re8 12. Qc2 Nf6 13. b4 Bd7 14. a4 Rc8 15. Nd2 Nh5 16. Bh2 f5 17. Nb3 Qe7 18. Qd2 Rf8 19. Rfe1 b6 20. Rac1 f4 21. exf4 Qf6 22. f5 Bxf5 23. Bxf5 gxf5 24. Qe2 Qf7 25. Qe6 Rfe8 26. Qxf7+ Kxf7 27. Rxe8 Kxe8 28. g4 Nf6 29. Be5 Kd7 30. f3 Rf8 31. Kg2 h5 32. g5 Ne8 33. Bxg7 Nxg7 34. b5 Rc8 35. Kg3 cxb5 36. Rxc8 Kxc8 37. axb5 Kd7 38. Nc1 Ne6 39. Kh4 Nxd4 40. Kxh5 Nxf3 41. Nd3 Ke7 42. Kg6 Nd4 43. h4 Nxb5 44. h5 Nd6 45. h6 Nf7 46. h7 a5 47. Kg7 a4 48. g6 1-0

[Event "ITA-chTB 52nd"]
[Site "Montesilvano"]
[Date "2021.09.23"]
[Round "5.4"]
[White "Marzano, Carlo"]
[Black "Carnicelli, Valerio"]
[Result "0-1"]
[WhiteElo "2045"]
[BlackElo "2278"]
[PlyCount "72"]
[EventDate "2021.09.20"]
[EventType "team-tourn"]
[EventRounds "7"]
[EventCountry "ITA"]
[SourceTitle "CBM 204 Extra"]
[Source "ChessBase"]
[SourceDate "2021.11.30"]
[SourceVersion "1"]
[SourceVersionDate "2021.11.30"]
[SourceQuality "1"]
[WhiteTeam "Lazio Scacchi"]
[BlackTeam "Rome Arrocco"]
[WhiteTeamCountry "ITA"]
[BlackTeamCountry "ITA"]

1. d4 d5 2. c4 c6 3. Nf3 Nf6 4. Nc3 e6 5. Bg5 dxc4 6. e4 b5 7. e5 h6 8. Bh4 g5 9. Bg3 Nd5 10. Nd2 Bb7 11. a4 Qb6 12. Nde4 Nd7 13. Be2 a5 14. Nd6+ Bxd6 15. exd6 0-0-0 16. Nxd5 exd5 17. Bg4 Rhe8+ 18. Kf1 b4 19. Be5 Kb8 20. Bxd7 Rxd7 21. h4 c5 22. hxg5 hxg5 23. Rh6 c3 24. bxc3 b3 25. Kg1 c4 26. Qd2 Bc6 27. Qb2 Ka8 28. Rf6 Bb7 29. Rf5 Rg8 30. Re1 Bc6 31. Ra1 g4 32. Kf1 Qd8 33. Qa3 Qh4 34. Kg1 Qh7 35. Qc5 Kb7 36. Rf4 b2 0-1

[Event "Lisbon Portugal op"]
[Site "Lisbon"]
[Date "2020.01.27"]
[Round "4"]
[White "Gonzalez Trigal, Jose Luis"]
[Black "Marzano, Carlo"]
[Result "0-1"]
[WhiteElo "2369"]
[BlackElo "2078"]
[PlyCount "72"]
[EventDate "2020.01.25"]
[EventType "swiss"]
[EventRounds "9"]
[EventCountry "POR"]
[SourceTitle "CBM 194"]
[Source "ChessBase"]
[SourceDate "2020.01.27"]
[SourceVersion "1"]
[SourceVersionDate "2020.01.27"]
[SourceQuality "1"]

1. d4 d5 2. c4 dxc4 3. e4 Nc6 4. Nf3 Bg4 5. d5 Ne5 6. Bf4 Ng6 7. Be3 Nf6 8. Nc3 e5 9. h3 Bd7 10. Bxc4 a6 11. a4 Bb4 12. Qc2 0-0 13. g4 b5 14. Bd3 c6 15. dxc6 Bxc6 16. Rd1 Qc8 17. Bg5 Qe6 18. Kf1 Rfc8 19. Qe2 h6 20. Bc1 bxa4 21. g5 Nh5 22. Nd5 Nhf4 23. Bxf4 Nxf4 24. Nxf4 exf4 25. Nd4 Qe5 26. Nxc6 Rxc6 27. gxh6 Rxh6 28. Bc4 f3 29. Qxf3 Rf6 30. Qg2 Rc8 31. Rg1 g6 32. Bd3 Bc5 33. Rd2 Be3 34. Ke2 Rxf2+ 35. Qxf2 Bxf2 36. Kxf2 Qf4+ 0-1

[Event "Cesenatico op 23rd"]
[Site "Cesenatico"]
[Date "2019.09.07"]
[Round "8"]
[White "Di Benedetto, Edoardo"]
[Black "Marzano, Carlo"]
[Result "1-0"]
[WhiteElo "2405"]
[BlackElo "2109"]
[PlyCount "137"]
[EventDate "2019.09.01"]
[EventType "swiss"]
[EventRounds "9"]
[EventCountry "ITA"]
[SourceTitle "EXT 2020"]
[Source "ChessBase"]
[SourceDate "2019.10.17"]
[SourceVersion "1"]
[SourceVersionDate "2019.10.17"]
[SourceQuality "1"]

1. d4 d5 2. c4 dxc4 3. e3 Nf6 4. Nf3 e6 5. Bxc4 a6 6. 0-0 b5 7. Be2 Bb7 8. a4 b4 9. Nbd2 c5 10. Nc4 Nbd7 11. Nfe5 Be7 12. Bf3 Qc7 13. Nxd7 Nxd7 14. d5 exd5 15. Bxd5 0-0 16. Bxb7 Qxb7 17. b3 Rad8 18. Qc2 Nb6 19. Nxb6 Qxb6 20. Bb2 Rd7 21. Rad1 Rfd8 22. Rxd7 Rxd7 23. Rd1 Rxd1+ 24. Qxd1 Qe6 25. Qd3 f5 26. Kf1 h5 27. Ke2 Kf7 28. Qc2 Qd5 29. Qd3 Qe6 30. Qc2 Qd5 31. f3 Bf6 32. Bxf6 Kxf6 33. Qd3 Qe6 34. a5 Kf7 35. e4 f4 36. Kd2 Ke7 37. Kc2 Ke8 38. Kb1 Ke7 39. Ka2 Ke8 40. Kb1 Ke7 41. Kb2 Qe5+ 42. Ka2 Qe6 43. Qd2 Qe5 44. Qb2 Qg5 45. h4 Qf6 46. Kb1 Kd6 47. Qd2+ Kc6 48. Qd5+ Kb5 49. Qc4+ Kc6 50. Qxa6+ Kd7 51. Qb7+ Kd8 52. Qd5+ Ke8 53. Qxh5+ g6 54. Qxc5 Qxh4 55. Qb5+ Kf7 56. Qc4+ Ke8 57. Qc8+ Ke7 58. Qc5+ Ke8 59. Qc6+ Ke7 60. a6 Qe1+ 61. Qc1 Qe2 62. a7 Qd3+ 63. Qc2 Qf1+ 64. Kb2 Qa6 65. Qc7+ Kf6 66. Qd8+ Kf7 67. a8Q Qe2+ 68. Kc1 Qe1+ 69. Qd1 1-0

[Event "Cesenatico op 23rd"]
[Site "Cesenatico"]
[Date "2019.09.04"]
[Round "4"]
[White "Mrdja, Milan"]
[Black "Marzano, Carlo"]
[Result "1/2-1/2"]
[WhiteElo "2279"]
[BlackElo "2109"]
[PlyCount "33"]
[EventDate "2019.09.01"]
[EventType "swiss"]
[EventRounds "9"]
[EventCountry "ITA"]
[SourceTitle "EXT 2020"]
[Source "ChessBase"]
[SourceDate "2019.10.17"]
[SourceVersion "1"]
[SourceVersionDate "2019.10.17"]
[SourceQuality "1"]

1. e4 e5 2. Nf3 Nc6 3. Bb5 a6 4. Ba4 Nf6 5. 0-0 b5 6. Bb3 Bb7 7. Re1 Bc5 8. c3 d6 9. d4 Bb6 10. a4 h6 11. Na3 0-0 12. Be3 exd4 13. cxd4 Na5 14. d5 Bxe3 15. Rxe3 Nxb3 16. Qxb3 c6 17. dxc6 1/2-1/2

[Event "Cesenatico op 23rd"]
[Site "Cesenatico"]
[Date "2019.09.03"]
[Round "3"]
[White "Marzano, Carlo"]
[Black "Loiacono, Leonardo"]
[Result "1/2-1/2"]
[WhiteElo "2109"]
[BlackElo "2293"]
[PlyCount "100"]
[EventDate "2019.09.01"]
[EventType "swiss"]
[EventRounds "9"]
[EventCountry "ITA"]
[SourceTitle "EXT 2020"]
[Source "ChessBase"]
[SourceDate "2019.10.17"]
[SourceVersion "1"]
[SourceVersionDate "2019.10.17"]
[SourceQuality "1"]

1. d4 d5 2. c4 e6 3. Nc3 Be7 4. Nf3 Nf6 5. Bg5 h6 6. Bh4 0-0 7. e3 Nbd7 8. cxd5 Nxd5 9. Bxe7 Qxe7 10. Rc1 Nxc3 11. Rxc3 c6 12. a3 e5 13. dxe5 Nxe5 14. Nxe5 Qxe5 15. Bd3 Be6 16. Qe2 f5 17. 0-0 Rad8 18. Bc4 Bxc4 19. Qxc4+ Kh8 20. Rc2 Rd5 21. Qb4 Rf7 22. Rd2 a5 23. Rxd5 Qxd5 24. Qc3 Rd7 25. h3 Kh7 26. Rc1 Qd2 27. Qc2 g6 28. h4 h5 29. g3 Rd5 30. Kg2 Kg7 31. Kg1 Kf7 32. Kg2 Ke7 33. Kg1 Kd6 34. Kg2 c5 35. a4 Qxc2 36. Rxc2 Rd1 37. Kf3 Ra1 38. b3 Rb1 39. Rc3 Rb2 40. Kf4 Rxf2+ 41. Kg5 b6 42. Kxg6 Rf3 43. Kf6 Kd5 44. Rd3+ Ke4 45. Rd6 Kxe3 46. Rxb6 Kd4 47. Rb5 Rxg3 48. Kxf5 Rg4 49. Rxa5 Rxh4 50. Ra8 Kc3 1/2-1/2

[Event "ITA-ch sf"]
[Site "Spoleto"]
[Date "2019.07.20"]
[Round "1"]
[White "Marzano, Carlo"]
[Black "Gilevich, Artem"]
[Result "0-1"]
[WhiteElo "2155"]
[BlackElo "2429"]
[PlyCount "102"]
[EventDate "2019.07.20"]
[EventType "swiss"]
[EventRounds "9"]
[EventCountry "ITA"]
[SourceTitle "EXT 2020"]
[Source "ChessBase"]
[SourceDate "2019.10.17"]
[SourceVersion "1"]
[SourceVersionDate "2019.10.17"]
[SourceQuality "1"]

1. d4 e6 2. c4 d5 3. Nc3 Bb4 4. Qa4+ Nc6 5. cxd5 exd5 6. Nf3 Nge7 7. Bf4 Ng6 8. Bg3 Bg4 9. e3 Bxf3 10. gxf3 0-0 11. Bb5 Bxc3+ 12. bxc3 Nce7 13. Be2 f5 14. f4 Nc8 15. h4 Nd6 16. h5 Nh8 17. Bh4 Qe8 18. Qxe8 Raxe8 19. Rg1 Re6 20. a4 c6 21. Kd2 Nhf7 22. Rgc1 Rc8 23. Ke1 Nc4 24. Rcb1 Nfd6 25. Rb3 b6 26. Rd1 Kf7 27. Bf3 Ne4 28. Be2 Na5 29. Ra3 Ree8 30. Rc1 Nd6 31. Bf3 Rc7 32. Rd1 Ke6 33. Ra2 Nac4 34. Kf1 a5 35. Rb1 Ne4 36. Rc1 Ned2+ 37. Ke2 Nxf3 38. Kxf3 Rb8 39. Rca1 Rcb7 40. Ke2 b5 41. axb5 Rxb5 42. Rc1 Rb2+ 43. Rc2 Rxc2+ 44. Rxc2 a4 45. Kd1 Rb3 46. Bd8 Kd7 47. Bg5 Nb2+ 48. Kc1 Nd3+ 49. Kd1 Rb1+ 50. Ke2 Nc1+ 51. Kd2 a3 0-1

[Event "Ascoli op 3rd"]
[Site "Ascoli"]
[Date "2019.06.02"]
[Round "4"]
[White "Imburgia, Giuseppe"]
[Black "Marzano, Carlo"]
[Result "1-0"]
[WhiteElo "2041"]
[BlackElo "2188"]
[PlyCount "114"]
[EventDate "2019.05.31"]
[EventType "swiss"]
[EventRounds "5"]
[EventCountry "ITA"]
[SourceTitle "EXT 2020"]
[Source "ChessBase"]
[SourceDate "2019.10.17"]
[SourceVersion "1"]
[SourceVersionDate "2019.10.17"]
[SourceQuality "1"]

1. d4 d5 2. c4 dxc4 3. Nf3 a6 4. e3 Nf6 5. Bxc4 e6 6. 0-0 b5 7. Bd3 Bb7 8. Nc3 Nbd7 9. Qe2 c5 10. Rd1 Qb8 11. a3 Bd6 12. h3 0-0 13. Bc2 Rd8 14. dxc5 Bxc5 15. b4 Be7 16. Bb2 Nb6 17. Bb3 Nbd5 18. Rac1 Nxc3 19. Bxc3 Rxd1+ 20. Qxd1 Bd5 21. Be5 Qe8 22. Rc7 Bxb3 23. Qxb3 Nd5 24. Rc2 Rc8 25. Bd4 Qd8 26. Ne5 Rxc2 27. Qxc2 Qc7 28. Nc6 Bf6 29. Bxf6 Nxf6 30. Qc5 Qb7 31. Qd6 h6 32. Qb8+ Qxb8 33. Nxb8 Nd5 34. Nxa6 Kf8 35. Kf1 Ke7 36. Ke1 Kd6 37. Kd2 e5 38. Nc5 Nb6 39. Kc3 f5 40. Kb3 g5 41. a4 bxa4+ 42. Nxa4 Nd5 43. Kc4 h5 44. Nc3 Nf6 45. f3 h4 46. e4 g4 47. exf5 gxh3 48. gxh3 Nh5 49. Nd5 Ng3 50. f6 Ke6 51. b5 e4 52. fxe4 Nxe4 53. b6 Nd6+ 54. Kc5 Nb7+ 55. Kc6 Na5+ 56. Kc7 Kxd5 57. f7 Ke4 1-0

[Event "Ascoli op 3rd"]
[Site "Ascoli"]
[Date "2019.06.01"]
[Round "3"]
[White "Marzano, Carlo"]
[Black "Donati, Michele"]
[Result "1-0"]
[WhiteElo "2188"]
[BlackElo "2001"]
[PlyCount "72"]
[EventDate "2019.05.31"]
[EventType "swiss"]
[EventRounds "5"]
[EventCountry "ITA"]
[SourceTitle "EXT 2020"]
[Source "ChessBase"]
[SourceDate "2019.10.17"]
[SourceVersion "1"]
[SourceVersionDate "2019.10.17"]
[SourceQuality "1"]

1. d4 d5 2. c4 c6 3. Nf3 Nf6 4. Nc3 e6 5. Bg5 dxc4 6. e4 b5 7. e5 h6 8. Bh4 g5 9. Bg3 Nd5 10. Nd2 Nd7 11. Nde4 Bb7 12. Be2 c5 13. 0-0 Nxc3 14. Nxc3 cxd4 15. Nxb5 d3 16. Bh5 Qb6 17. Nd6+ Bxd6 18. exd6 Qd4 19. Qa4 Rd8 20. Rac1 Bd5 21. b3 0-0 22. bxc4 d2 23. Rcd1 f5 24. Rxd2 Qxd2 25. Rd1 Qc3 26. cxd5 Nc5 27. Qxa7 f4 28. dxe6 Nxe6 29. d7 fxg3 30. hxg3 Qc5 31. Qa6 Qxf2+ 32. Kh2 Rf6 33. Rd6 Nf4 34. Bf3 g4 35. Rxf6 gxf3 36. Rg6+ Kh7 1-0

[Event "Ascoli op 3rd"]
[Site "Ascoli"]
[Date "2019.05.31"]
[Round "1"]
[White "Marzano, Carlo"]
[Black "Pecci, William"]
[Result "0-1"]
[WhiteElo "2179"]
[BlackElo "1991"]
[PlyCount "84"]
[EventDate "2019.05.31"]
[EventType "swiss"]
[EventRounds "5"]
[EventCountry "ITA"]
[SourceTitle "EXT 2020"]
[Source "ChessBase"]
[SourceDate "2019.10.17"]
[SourceVersion "1"]
[SourceVersionDate "2019.10.17"]
[SourceQuality "1"]

1. d4 Nf6 2. c4 e6 3. Nf3 d5 4. Nc3 Be7 5. Bg5 0-0 6. e3 Nbd7 7. cxd5 exd5 8. Bd3 c6 9. Qc2 Re8 10. h3 Nf8 11. 0-0-0 Ne4 12. Bxe7 Qxe7 13. Bxe4 dxe4 14. Nd2 Bf5 15. f3 c5 16. d5 a6 17. fxe4 Bg6 18. Rhf1 b5 19. Rf4 c4 20. Ne2 Qc5 21. Rf3 Rac8 22. Kb1 b4 23. Nf4 c3 24. Nxg6 Nxg6 25. Nb3 Qb6 26. bxc3 Rxc3 27. Qd2 Ne5 28. Qd4 Qb5 29. Rff1 Nc4 30. Rc1 Na3+ 31. Ka1 Nc2+ 32. Rxc2 Qxf1+ 33. Kb2 Rec8 34. Rd2 a5 35. Rd1 Qe2+ 36. Rd2 Rc2+ 37. Kb1 Qf1+ 38. Rd1 Qxg2 39. Rd2 Rxd2 40. Nxd2 Qg1+ 41. Kb2 Qc1+ 42. Kb3 Qa3# 0-1

[Event "ITA-chT T8 51st"]
[Site "Brixen Bressanone"]
[Date "2019.04.30"]
[Round "1.7"]
[White "Marzano, Carlo"]
[Black "Trabattoni, Franco"]
[Result "0-1"]
[WhiteElo "2179"]
[BlackElo "2259"]
[PlyCount "104"]
[EventDate "2019.04.30"]
[EventType "team-match"]
[EventRounds "1"]
[EventCountry "ITA"]
[SourceTitle "CBM 190 Extra"]
[Source "ChessBase"]
[SourceDate "2019.07.15"]
[SourceVersion "1"]
[SourceVersionDate "2019.07.15"]
[SourceQuality "1"]
[WhiteTeam "Rome Steinitz"]
[BlackTeam "Cerianese Scacchistica"]
[WhiteTeamCountry "ITA"]
[BlackTeamCountry "ITA"]

1. d4 Nf6 2. c4 e6 3. Nf3 Bb4+ 4. Nbd2 b6 5. a3 Bxd2+ 6. Qxd2 Bb7 7. e3 0-0 8. Be2 d6 9. 0-0 Nbd7 10. b4 Ne4 11. Qc2 f5 12. Bb2 Rf6 13. d5 e5 14. Nh4 g6 15. f3 Ng5 16. f4 Ne4 17. Nf3 Qe7 18. Bd3 Re8 19. Bxe4 fxe4 20. Qxe4 Rff8 21. fxe5 dxe5 22. Qc2 c6 23. e4 h6 24. Qa4 cxd5 25. exd5 a6 26. Qc2 Kh7 27. Rad1 Rf4 28. g3 Rff8 29. Qe4 a5 30. Nh4 Qd6 31. Rxf8 Rxf8 32. Bc3 axb4 33. Bxb4 Nc5 34. Qe3 Ba6 35. Bxc5 Qxc5 36. Qxc5 bxc5 37. Rb1 Rf7 38. Nxg6 Kxg6 39. Rb6+ Rf6 40. d6 Bc8 41. h4 Bd7 42. Ra6 e4 43. h5+ Kxh5 44. Ra5 Rxd6 45. Rxc5+ Kg4 46. Kf2 Bf5 47. Rc7 Rd2+ 48. Ke1 Ra2 49. Rg7+ Kf3 50. Rf7 Ke3 51. Kd1 Bg4+ 52. Kc1 Kd4 0-1

[Event "Rilton Cup 48th"]
[Site "Stockholm"]
[Date "2019.01.05"]
[Round "9"]
[White "Munshi, Aditya"]
[Black "Marzano, Carlo"]
[Result "1/2-1/2"]
[WhiteElo "2095"]
[BlackElo "2222"]
[PlyCount "78"]
[EventDate "2018.12.27"]
[EventType "swiss"]
[EventRounds "9"]
[EventCountry "SWE"]
[SourceTitle "CBM 188 Extra"]
[Source "ChessBase"]
[SourceDate "2019.02.26"]
[SourceVersion "1"]
[SourceVersionDate "2019.02.26"]
[SourceQuality "1"]

1. e4 e5 2. Nf3 Nc6 3. Bc4 Nf6 4. d3 Be7 5. 0-0 0-0 6. Re1 d6 7. a4 Na5 8. Ba2 c5 9. c3 Nc6 10. Na3 h6 11. Bd2 a6 12. h3 Re8 13. Nc2 Be6 14. Bxe6 fxe6 15. b4 cxb4 16. cxb4 b5 17. d4 exd4 18. Ncxd4 Nxd4 19. Nxd4 Qd7 20. Qb3 d5 21. exd5 bxa4 22. Rxa4 exd5 23. Qa2 Rab8 24. Rxa6 Bxb4 25. Rxe8+ Qxe8 26. Bxb4 Rxb4 27. Ra8 Rb8 28. Rxb8 Qxb8 29. Qc2 Qa8 30. Qb2 Qe8 31. Qd2 Qb8 32. Qc2 Qe5 33. Nf3 Qf4 34. Qc8+ Kf7 35. Qb7+ Kg6 36. Qb2 Kh7 37. Qc2+ Qe4 38. Qxe4+ Nxe4 39. Ne5 Kg8 1/2-1/2

[Event "Rilton Cup 48th"]
[Site "Stockholm"]
[Date "2019.01.04"]
[Round "8"]
[White "Marzano, Carlo"]
[Black "Soumya, Swaminathan"]
[Result "0-1"]
[WhiteElo "2222"]
[BlackElo "2428"]
[PlyCount "112"]
[EventDate "2018.12.27"]
[EventType "swiss"]
[EventRounds "9"]
[EventCountry "SWE"]
[SourceTitle "CBM 188 Extra"]
[Source "ChessBase"]
[SourceDate "2019.02.26"]
[SourceVersion "1"]
[SourceVersionDate "2019.02.26"]
[SourceQuality "1"]

1. d4 Nf6 2. c4 c5 3. d5 e6 4. Nc3 exd5 5. cxd5 d6 6. Nf3 g6 7. Bf4 a6 8. a4 Qe7 9. e3 Bg7 10. Be2 0-0 11. Nd2 Nbd7 12. Nc4 Ne8 13. 0-0 f5 14. Bg3 Rb8 15. Qd2 b6 16. f4 Ndf6 17. Bh4 Qc7 18. Na3 Qd7 19. Rab1 Nc7 20. Rfd1 b5 21. axb5 axb5 22. b4 c4 23. Bf3 Re8 24. h3 Bb7 25. Bxf6 Bxf6 26. Nc2 Qg7 27. Nd4 Bxd4 28. Qxd4 Qxd4 29. exd4 Ra8 30. Kf2 Ra3 31. Rdc1 h5 32. h4 Kf8 33. Rb2 Rea8 34. Rbb1 Kf7 35. Ke2 Rxc3 36. Rxc3 Ra2+ 37. Ke1 Bxd5 38. g3 Bxf3 39. Rxf3 Nd5 40. Rf2 Ra3 41. Rg2 Nc3 42. Rbb2 Ra1+ 43. Kd2 Ne4+ 44. Ke2 Ke6 45. Ke3 Ra3+ 46. Ke2 Kd5 47. Rg1 Nc3+ 48. Kf2 Ne4+ 49. Ke2 Rd3 50. Ra1 Kxd4 51. Ra5 Rxg3 52. Kf1 Rb3 53. Raa2 Rxb2 54. Rxb2 c3 55. Ra2 Kd3 56. Ke1 c2 0-1

[Event "Rilton Cup 48th"]
[Site "Stockholm"]
[Date "2019.01.03"]
[Round "7"]
[White "Chizhikov, Vladislav"]
[Black "Marzano, Carlo"]
[Result "0-1"]
[WhiteElo "2304"]
[BlackElo "2222"]
[PlyCount "142"]
[EventDate "2018.12.27"]
[EventType "swiss"]
[EventRounds "9"]
[EventCountry "SWE"]
[SourceTitle "CBM 188 Extra"]
[Source "ChessBase"]
[SourceDate "2019.02.26"]
[SourceVersion "1"]
[SourceVersionDate "2019.02.26"]
[SourceQuality "1"]

1. e4 e5 2. Nf3 Nc6 3. Bc4 Nf6 4. d3 Be7 5. Nc3 d6 6. a3 0-0 7. h3 Be6 8. b4 d5 9. exd5 Nxd5 10. Ne4 f6 11. c3 Qd7 12. 0-0 Nb6 13. Bxe6+ Qxe6 14. Qe2 Rad8 15. c4 Rfe8 16. Nc3 Qd7 17. Rd1 Nd4 18. Nxd4 exd4 19. Ne4 f5 20. Ng3 Bxb4 21. Qf3 Bc3 22. Rb1 g6 23. Qxb7 c6 24. Qa6 Re5 25. Bd2 Ra5 26. Qxa5 Bxa5 27. Bxa5 Re8 28. h4 Na4 29. Rbc1 c5 30. Bd2 Nb2 31. Re1 Rxe1+ 32. Rxe1 Nxd3 33. Rb1 Ne5 34. Rb8+ Kf7 35. Bg5 Nxc4 36. Rd8 Qc7 37. h5 gxh5 38. Nxh5 Nd6 39. Rh8 Ke6 40. Nf4+ Ke5 41. Rf8 Qg7 42. Bf6+ Qxf6 43. Nd3+ Ke6 44. Nxc5+ Ke7 45. Rxf6 Kxf6 46. Kf1 Nb5 47. Ke2 Nxa3 48. Kd3 Nb5 49. Kc4 Nc7 50. Nd7+ Ke6 51. Nc5+ Kd6 52. Nb7+ Ke5 53. Na5 Ke4 54. Nb3 Ne6 55. Nd2+ Ke5 56. Nf3+ Kd6 57. Kb5 Kd5 58. Nh4 Ng7 59. Kb4 a5+ 60. Kxa5 Kc4 61. Kb6 d3 62. Nf3 Kc3 63. Kc5 d2 64. Nxd2 Kxd2 65. Kd4 Ke2 66. f3 Kf2 67. g4 Kxf3 68. gxf5 Nxf5+ 69. Ke5 h5 70. Kxf5 h4 71. Kg5 h3 0-1

[Event "Rilton Cup 48th"]
[Site "Stockholm"]
[Date "2019.01.02"]
[Round "6"]
[White "Marzano, Carlo"]
[Black "Dev, Shah"]
[Result "1/2-1/2"]
[WhiteElo "2222"]
[BlackElo "2159"]
[PlyCount "66"]
[EventDate "2018.12.27"]
[EventType "swiss"]
[EventRounds "9"]
[EventCountry "SWE"]
[SourceTitle "CBM 188 Extra"]
[Source "ChessBase"]
[SourceDate "2019.02.26"]
[SourceVersion "1"]
[SourceVersionDate "2019.02.26"]
[SourceQuality "1"]

1. e4 e5 2. Nf3 Nc6 3. Bc4 Nf6 4. d3 Be7 5. 0-0 0-0 6. Re1 d6 7. a4 Na5 8. Ba2 c5 9. Na3 a6 10. c3 Nc6 11. h3 Rb8 12. d4 cxd4 13. cxd4 exd4 14. Nc2 b5 15. axb5 axb5 16. Ncxd4 Nxd4 17. Nxd4 Bb7 18. f3 Ne8 19. Be3 Bf6 20. Qd2 d5 21. e5 Bxe5 22. Nxb5 Nd6 23. Bc5 Bg3 24. Nxd6 Bxd6 25. Bxd6 Qxd6 26. Red1 Rfd8 27. Qf2 d4 28. Bc4 Qb6 29. Rd2 Rd6 30. Re1 Bd5 31. Rxd4 Bxc4 32. Rxc4 Qxf2+ 33. Kxf2 Rxb2+ 1/2-1/2